| 000 | 01299cam a22003617a 4500 | ||
|---|---|---|---|
| 001 | 14804630 | ||
| 005 | 20201128013509.0 | ||
| 008 | 070411s2007 at a b 001 0 eng d | ||
| 010 | _a 2007296301 | ||
| 020 | _a9781423900832 | ||
| 020 | _a1423900839 | ||
| 035 | _a(OCoLC)ocm84655908 | ||
| 035 | _a(OCoLC)84655908 | ||
| 040 |
_aAKC _cAKC _dBAKER _dDLC |
||
| 042 | _alccopycat | ||
| 050 | 0 | 0 |
_aQA76.9.D26 _bU436 2007 |
| 082 |
_a004.2 _bUMA _222 |
||
| 100 | 1 |
_aUmanath, Narayan S. _92652 |
|
| 245 | 1 | 0 |
_aData modeling and database design / _cNarayan S. Umanath, Richard W. Scamell. |
| 260 |
_aAustralia ; _aBoston, Mass. : _bThomson Course Technology, _cc2007. |
||
| 300 |
_axxi, 698 p. : _bill. ; _c24 cm. |
||
| 504 | _aIncludes bibliographical references and index. | ||
| 650 | 0 |
_aDatabase design. _92653 |
|
| 650 | 0 |
_aComputer architecture. _92654 |
|
| 650 | 0 |
_aEntity-relationship modeling. _92655 |
|
| 650 | 0 |
_aRelational databases. _92656 |
|
| 650 | 0 |
_aSQL (Computer program language) _92657 |
|
| 650 | 0 |
_aObject-oriented programming (Computer science) _92658 |
|
| 700 | 1 |
_aScamell, Richard W. _92659 |
|
| 856 | 4 | 1 |
_3Table of contents only _uhttp://www.loc.gov/catdir/toc/fy0710/2007296301.html |
| 942 |
_2ddc _cBB |
||
| 999 |
_c10642 _d10642 |
||